00631nam a2200229 a 4500001001300000003000900013005001700022008004100039020001000080082001800090100001900108245003200127260002500159300000900184500003500193505002400228650002000252902000800272942000700280952009900287999001500386nice12345678IN_TiNIC20260116012913.0050524s1983 dela grp 000 0 eng  ac17500a305.6297bISR aIsrael, Milton aIslamic Society and Culture aDelhibManoharc1983 a383p aincludes index and biblioraphy2 aAppendix A, B And C aIslamic-Culture bSRS cBK 00104070aHMIbHMId2007-03-27g175.00l0o305.6297 ISRp012181r2007-03-27w2026-01-16yEB c8822d8822